Statistics for The Only Remaining U.S. President . . .

Click here to take the quiz!

General Stats

  • This quiz has been taken 4,515 times
  • The average score is 24 of 45

Answer Stats

The only president . . .President% Correct
To be African-AmericanBarack Obama
100%
To resignRichard Nixon
93%
To serve more than 2 full termsFranklin D. Roosevelt
91%
To sign the Declaration of IndependenceThomas Jefferson
85%
To never be affiliated with a political partyGeorge Washington
82%
To win a general election against a female major-party presidential candidateDonald Trump
77%
To serve non-consecutive termsGrover Cleveland
76%
To be president during a World WarHarry Truman
75%
To live for at least 35 years after leaving the presidencyJimmy Carter
74%
To appear on Mount RushmoreAbraham Lincoln
73%
To be a FederalistJohn Adams
68%
To issue a presidential pardon to a former presidentGerald Ford
67%
To be CatholicJoe Biden
66%
To be assassinatedWilliam McKinley
63%
To be the grandfather of another presidentWilliam Henry Harrison
60%
To be impeachedAndrew Johnson
59%
To receive a PhDWoodrow Wilson
58%
To win a Pulitzer PrizeJohn F. Kennedy
57%
To be a Supreme Court justiceWilliam Taft
57%
To be a general in the U.S. ArmyDwight D. Eisenhower
55%
To win a presidential election despite losing the popular voteGeorge W. Bush
53%
To be president for less than one yearJames Garfield
53%
To attend the Constitutional ConventionJames Madison
53%
To win a Nobel Peace PrizeTheodore Roosevelt
49%
To never marryJames Buchanan
48%
To run essentially unopposed in a presidential electionJames Monroe
45%
To be born a British subject rather than an American citizenJohn Quincy Adams
44%
To use a different last name than the one he was born withBill Clinton
42%
To be a state governorRonald Reagan
40%
To fight in a war against the BritishAndrew Jackson
39%
To be president during a formally declared war against another countryJames K. Polk
37%
To be a RepublicanGeorge H.W. Bush
36%
To die in officeZachary Taylor
36%
To be born on the 4th of JulyCalvin Coolidge
34%
To be a WhigMillard Fillmore
34%
To be rated one of the 5 worst presidents in all 6 of Siena College Research Institute's Presidential Expert Polls (1982-2018)Warren Harding
33%
To be the namesake of more than a dozen U.S. countiesUlysses S. Grant
32%
To never be elected presidentChester A. Arthur
30%
To be born in VirginiaJohn Tyler
30%
To be president when the U.S. acquired a piece of territory larger than West Virginia (~24,000 square miles)Franklin Pierce
29%
To be born west of the MississippiLyndon B. Johnson
29%
To be mentioned by name in the "Mediocre Presidents" song from The SimpsonsRutherford B. Hayes
29%
To serve in no elected office prior to being presidentHerbert Hoover
28%
To be a manMartin Van Buren
28%
To be born in OhioBenjamin Harrison
25%

Score Distribution

Percentile by Number Answered

Percent of People with Each Score

Your Score History

You have not taken this quiz